000 00844nam a2200253Ia 4500
008 191130s2008##################000#0#eng##
020 _a9780521731874
022 _a2008428735
040 _aACL
_cACL
082 _a323.6 STO
245 _aGlobal citizens : Australian activists for change
_cedited by Geoffrey Stokes, Roderic Pitty and Gary Smith
260 _aCambridge
_bCambridge University Press
_c2008
300 _axiv, 224 p. : ill., ports. ; 23 cm
500 _aIncludes bibliographical references and index
650 _aAustralia - Politics and government - 20th century
650 _aGlobalization - Australia
650 _aWorld citizenship
700 _aPitty, Roderic
700 _aSmith, Gary
700 _aStokes, Geoffrey
990 _a3e4d2d74ac10000c17e3bcc98808101f
991 _a158539
999 _c195074
_d195074